000 00474nam a2200157Ia 4500
999 _c34867
_d34867
003 OSt
005 20200608140914.0
008 190216s9999||||xx |||||||||||||| ||und||
040 _coclc
082 _a327.01
_bSRI/T
100 _aSrivastava, L S
_91818
245 0 _aTheory Of International Politics /
_c L S Srivastava ; V P Joshi
260 _bGoel Publication,
_aMeerut:
_c1999.
300 _a300p
942 _cBK
_2ddc
_h327.01
_iSRI/T
_k327.01
_mSRI/T